LEADER 00798nam1-22002891i-450- 001 990007481900403321 005 20070523113910.0 035 $a000748190 035 $aFED01000748190 035 $a(Aleph)000748190FED01 035 $a000748190 100 $a20030814d1982----km-y0itay50------ba 101 0 $aita 102 $aIT 105 $aa-------001yy 200 1 $aMiscellanea$e1982 210 $a[Bari]$cGrafica Bigiemme$d1982 215 $a113 p.$d25 cm 225 1 $a[Pubblicazioni dell'] Istituto di Geografia dell' Università di Bari. Serie 3.$eMiscellanea 610 0 $aGeografia$aStudi 801 0$aIT$bUNINA$gRICA$2UNIMARC 901 $aBK 912 $a990007481900403321 952 $aA-G 0470$bI.G.546$fILFGE 959 $aILFGE 996 $aMiscellanea$9148858 997 $aUNINA LEADER 01188nam0 22003373i 450 001 TO00824070 005 20251003044408.0 010 $a0071167560 010 $a0072899050 100 $a20121203d1999 ||||0itac50 ba 101 | $aeng 102 $aus 181 1$6z01$ai $bxxxe 182 1$6z01$an 200 1 $aDiscrete mathematics and its applications$fKenneth H. Rosen 205 $a4. ed 210 $aBoston [etc.]$cWCB-McGraw-Hill$dc1999 215 $aXXII, 678, [123] p.$d25 cm. 606 $aCalcolo combinatorio$2FIR$3CFIC013950$9E 606 $aMatematica discreta$2FIR$3VEAC438082$9N 676 $a511$9Principi generali della matematica$v14 676 $a511.1$9MATEMATICA FINITA$v22 700 1$aRosen$b, Kenneth H.$3MILV080260$4070$061992 801 3$aIT$bIT-000000$c20121203 850 $aIT-BN0095 901 $bNAP 01$cSALA DING $n$ 912 $aTO00824070 950 0$aBiblioteca Centralizzata di Ateneo$b1 v.$c1 v.$d 01SALA DING 511 ROS.di$e 0102 0000034205 VMA A4 1 v.$fY $h20000512$i20121203 977 $a 01 996 $aDiscrete mathematics and its applications$928159 997 $aUNISANNIO